<?xml version="1.0" encoding="UTF-8"?>
<record
    xmlns:xsi="http://www.w3.org/2001/XMLSchema-instance"
    xsi:schemaLocation="http://www.loc.gov/MARC21/slim http://www.loc.gov/standards/marcxml/schema/MARC21slim.xsd"
    xmlns="http://www.loc.gov/MARC21/slim">

  <leader>00819nam a22002417a 4500</leader>
  <controlfield tag="003">AR-BeUNQ</controlfield>
  <controlfield tag="005">20250409135934.0</controlfield>
  <controlfield tag="008">250409b        |||||||| |||| 00| 0 spa d</controlfield>
  <datafield tag="020" ind1=" " ind2=" ">
    <subfield code="a">9789876300285</subfield>
  </datafield>
  <datafield tag="040" ind1=" " ind2=" ">
    <subfield code="a">AR-BeUNQ</subfield>
    <subfield code="c">AR-BeUNQ</subfield>
    <subfield code="e">aacr</subfield>
  </datafield>
  <datafield tag="082" ind1=" " ind2=" ">
    <subfield code="2">21</subfield>
    <subfield code="a">982 BOH</subfield>
  </datafield>
  <datafield tag="100" ind1=" " ind2=" ">
    <subfield code="a">Bohoslasky, Ernesto</subfield>
    <subfield code="c">aut.</subfield>
    <subfield code="d">1980</subfield>
  </datafield>
  <datafield tag="245" ind1=" " ind2=" ">
    <subfield code="a">La Patagonia :</subfield>
    <subfield code="b">de las guerra de Malvinas al final de la familia ypefiana</subfield>
    <subfield code="c"> Ernesto Bohoslasky,.</subfield>
    <subfield code="h">libro</subfield>
  </datafield>
  <datafield tag="250" ind1=" " ind2=" ">
    <subfield code="a">1a.ed</subfield>
  </datafield>
  <datafield tag="260" ind1=" " ind2=" ">
    <subfield code="a">Los Polvorines :</subfield>
    <subfield code="b">Universidad de General Sarmientp,</subfield>
    <subfield code="c">2008</subfield>
  </datafield>
  <datafield tag="300" ind1=" " ind2=" ">
    <subfield code="a">112 p. </subfield>
    <subfield code="b">il. ; </subfield>
    <subfield code="c">20 cm</subfield>
  </datafield>
  <datafield tag="490" ind1=" " ind2=" ">
    <subfield code="a">Colecci&#xF3;n 25 a&#xF1;os 25 libros</subfield>
    <subfield code="v">7</subfield>
  </datafield>
  <datafield tag="500" ind1=" " ind2=" ">
    <subfield code="a">Historia nacional.</subfield>
  </datafield>
  <datafield tag="650" ind1=" " ind2=" ">
    <subfield code="2">spines</subfield>
    <subfield code="a">Historia Argentina</subfield>
  </datafield>
  <datafield tag="651" ind1=" " ind2=" ">
    <subfield code="2">unescot</subfield>
    <subfield code="a">Argetnina.</subfield>
  </datafield>
  <datafield tag="929" ind1=" " ind2=" ">
    <subfield code="a">DONACION</subfield>
    <subfield code="b">Biblioteca NAcional</subfield>
    <subfield code="c">0</subfield>
    <subfield code="d">0</subfield>
    <subfield code="e">2022</subfield>
    <subfield code="f">PAT 0082152</subfield>
    <subfield code="j">61226</subfield>
  </datafield>
  <datafield tag="942" ind1=" " ind2=" ">
    <subfield code="c">LIB</subfield>
  </datafield>
  <datafield tag="999" ind1=" " ind2=" ">
    <subfield code="c">1245</subfield>
    <subfield code="d">1245</subfield>
  </datafield>
  <datafield tag="952" ind1=" " ind2=" ">
    <subfield code="0">0</subfield>
    <subfield code="1">0</subfield>
    <subfield code="a">BIBESET</subfield>
    <subfield code="b">BIBESET</subfield>
    <subfield code="c">circulacion</subfield>
    <subfield code="d">2025-04-09</subfield>
    <subfield code="l">0</subfield>
    <subfield code="o">982 BOH </subfield>
    <subfield code="r">2025-04-09</subfield>
    <subfield code="w">2025-04-09</subfield>
    <subfield code="y">LIB</subfield>
    <subfield code="k">GA</subfield>
  </datafield>
</record>
